| 000 | 00419nam a2200145Ia 4500 | ||
|---|---|---|---|
| 008 | 151015s9999 xx 000 0 und d | ||
| 020 | _a1861002718 | ||
| 050 | _aQA 76.73 V27 V368 1999 | ||
| 245 | _aClark susanne | ||
| 250 | _a_VBScript Programmer's Reference Donatis De Antonio | ||
| 300 | _aU k Wrox Press ltd 1999 | ||
| 500 | _aIncludes index | ||
| 650 | _a_Programming | ||
| 700 | _a^d20120810 12:10:53^okorir | ||
| 999 |
_c3372 _d3372 |
||